Normal view
MARC view
- ONTOLOGY
Entry Topical Term
001 - CONTROL NUMBER
- control field: 3488
003 - CONTROL NUMBER IDENTIFIER
- control field: CBULib
005 - DATE AND TIME OF LATEST TRANSACTION
- control field: 20240829131058.0
008 - FIXED-LENGTH DATA ELEMENTS
- fixed length control field: 240829|| aca||babn | a|a d
040 ## - CATALOGING SOURCE
- Original cataloging agency: CBULib
150 ## - HEADING--TOPICAL TERM
- Topical term or geographic name entry element: ONTOLOGY